[Event "Berlin Lichtenberger op 18th"]
[Site "Berlin"]
[Date "2019.08.20"]
[Round "4"]
[White "Zesewitz, Maik"]
[Black "Scheide, Helmut"]
[Result "1/2-1/2"]
[WhiteElo "1742"]
[BlackElo "1921"]
[PlyCount "55"]
[EventDate "2019.08.17"]
[EventType "swiss"]
[EventRounds "9"]
[EventCountry "GER"]
[SourceTitle "EXT 2020"]
[Source "ChessBase"]
[SourceDate "2019.10.17"]
[SourceVersion "1"]
[SourceVersionDate "2019.10.17"]
[SourceQuality "1"]

1. e4 e5 2. Nf3 Nc6 3. d4 exd4 4. Nxd4 Bc5 5. Be3 Qf6 6. c3 Nge7 7. Bc4 Ne5 8. Be2 Qg6 9. 0-0 d5 10. Nd2 Bh3 11. Bf3 0-0-0 12. Nf5 dxe4 13. Nxe7+ Bxe7 14. Bxe4 f5 15. Bf3 Bc5 16. Bf4 Nd3 17. Bg3 Bg4 18. Qb3 c6 19. Bxg4 fxg4 20. Rad1 Rhf8 21. Nc4 Qf6 22. Qc2 Nf4 23. Rxd8+ Rxd8 24. b4 Bb6 25. Nxb6+ axb6 26. Qe4 g5 27. Bxf4 gxf4 28. g3 1/2-1/2

[Event "Berlin Lichtenberger op 14th"]
[Site "Berlin"]
[Date "2015.08.20"]
[Round "6"]
[White "Nguyen, Duc Quang Nhat"]
[Black "Zesewitz, Maik"]
[Result "0-1"]
[WhiteElo "1604"]
[BlackElo "1652"]
[PlyCount "54"]
[EventDate "2015.08.15"]
[EventType "swiss"]
[EventRounds "9"]
[EventCountry "GER"]
[SourceTitle "EXT 2016"]
[Source "ChessBase"]
[SourceDate "2015.10.08"]
[SourceVersion "1"]
[SourceVersionDate "2015.10.08"]
[SourceQuality "1"]

1. e4 e5 2. Nf3 Nf6 3. Nxe5 d6 4. Nf3 Nxe4 5. d3 Nf6 6. d4 d5 7. Bd3 Bg4 8. 0-0 Nc6 9. c3 Be7 10. Bf4 Ne4 11. Nbd2 g5 12. Nxe4 dxe4 13. Bxg5 Bxf3 14. Bxe7 Nxe7 15. Be2 Bxe2 16. Qxe2 Qd5 17. Rfe1 f5 18. f3 0-0-0 19. fxe4 fxe4 20. Qg4+ Qf5 21. Qe2 Ng6 22. Rf1 Qd5 23. Qg4+ Kb8 24. Qg3 Rhf8 25. Rfd1 Nf4 26. Kh1 e3 27. c4 Qe4 0-1

[Event "Berlin Lichtenberger op 12th"]
[Site "Berlin"]
[Date "2013.08.18"]
[Round "2"]
[White "Moeller, Dustin"]
[Black "Zesewitz, Maik"]
[Result "1/2-1/2"]
[WhiteElo "1793"]
[BlackElo "1579"]
[PlyCount "46"]
[EventDate "2013.08.17"]
[EventType "swiss"]
[EventRounds "9"]
[EventCountry "GER"]
[SourceTitle "CBM 156 Extra"]
[Source "ChessBase"]
[SourceDate "2013.10.22"]
[SourceVersion "1"]
[SourceVersionDate "2013.10.22"]
[SourceQuality "1"]

1. g3 e6 2. Bg2 d5 3. f4 Nf6 4. Nf3 c5 5. d3 Nc6 6. 0-0 Be7 7. c3 d4 8. e4 Qd7 9. Na3 0-0 10. Nc4 Rd8 11. Nfe5 Nxe5 12. fxe5 Ne8 13. Qf3 f6 14. exf6 gxf6 15. Ne5 Qc7 16. Bh6 Ng7 17. Bxg7 Kxg7 18. Qg4+ Kf8 19. Qh5 Kg8 20. Nf7 Rf8 21. Nh6+ Kg7 22. Rf4 e5 23. Nf5+ Bxf5 1/2-1/2

[Event "GER-ch U25 op-A"]
[Site "Oberhof"]
[Date "2013.05.23"]
[Round "7"]
[White "Fischer, Maxi"]
[Black "Zesewitz, Maik"]
[Result "1-0"]
[WhiteElo "1497"]
[BlackElo "1552"]
[PlyCount "83"]
[EventDate "2013.05.19"]
[EventType "swiss"]
[EventRounds "9"]
[EventCountry "GER"]
[SourceTitle "CBM 154 Extra"]
[Source "ChessBase"]
[SourceDate "2013.06.25"]
[SourceVersion "2"]
[SourceVersionDate "2013.06.25"]
[SourceQuality "1"]

1. e4 e5 2. Nf3 Nc6 3. Bc4 Bc5 4. c3 Nf6 5. d3 d6 6. Bb3 Bg4 7. Nbd2 0-0 8. h3 Bd7 9. Nf1 Qc8 10. Ng3 h6 11. Nh4 Ne7 12. Qe2 a5 13. Be3 a4 14. Bc2 Bxe3 15. Qxe3 g5 16. Nf3 Ng6 17. 0-0-0 Nf4 18. Rdg1 c5 19. h4 g4 20. Nd2 b5 21. Ne2 Nxe2+ 22. Qxe2 b4 23. Qe3 Kh7 24. c4 Nh5 25. g3 Ng7 26. Bd1 h5 27. f4 f6 28. f5 Ne8 29. Nf1 Nc7 30. Qd2 Be8 31. Ne3 a3 32. b3 Bf7 33. Bxg4 hxg4 34. Nxg4 Be8 35. Qh6+ Kg8 36. Nxf6+ Rxf6 37. Qxf6 Qd7 38. h5 Qd8 39. Qxd8 Rxd8 40. g4 Bd7 41. g5 Rf8 42. h6 1-0

[Event "Berlin-ch 2011 U14 Vorrunde 2"]
[Site "Berlin"]
[Date "2010.11.06"]
[Round "1.7"]
[White "Werner, Robin"]
[Black "Zesewitz, Maik"]
[Result "0-1"]
[WhiteElo "957"]
[BlackElo "1382"]
[PlyCount "90"]
[EventDate "2010.11.06"]
[EventType "swiss"]
[EventRounds "7"]
[EventCountry "GER"]
[SourceTitle "EXT 2022"]
[Source "ChessBase"]
[SourceDate "2021.10.06"]
[SourceVersion "1"]
[SourceVersionDate "2021.10.06"]
[SourceQuality "1"]

1. e4 e6 2. d4 d5 3. e5 c5 4. Nf3 Nc6 5. c3 Qa5 6. Bd2 cxd4 7. cxd4 Bb4 8. a3 Bxd2+ 9. Qxd2 Bd7 10. Be2 Nge7 11. 0-0 Qxd2 12. Nbxd2 Nf5 13. Nb3 a5 14. a4 Nb4 15. Rfc1 0-0 16. Nc5 Bc6 17. Bb5 Bxb5 18. axb5 b6 19. Nd7 Rfc8 20. Nxb6 Rxc1+ 21. Rxc1 Rb8 22. Rc8+ Rxc8 23. Nxc8 Kf8 24. Nd6 Nxd6 25. exd6 f6 26. b6 Ke8 27. b7 Nc6 28. Nd2 a4 29. h3 Kd7 30. b4 a3 31. b5 Nb8 32. Nb3 a2 33. g4 Kxd6 34. Kg2 Kc7 35. Kg3 g5 36. f4 Kxb7 37. fxg5 fxg5 38. h4 h6 39. hxg5 hxg5 40. Nc5+ Kb6 41. Nxe6 a1Q 42. Nxg5 Qxd4 43. Kh4 Kxb5 44. Ne6 Qf6+ 45. Ng5 Nd7 0-1